Statistics for "B" Cities by Pictures

Click here to take the quiz!

General Stats

  • This quiz has been taken 230 times
  • The average score is 7 of 15

Answer Stats

Answer% Correct
Beijing
93%
Barcelona
83%
Berlin
73%
Budapest
68%
Boston
65%
Bangkok
59%
Brussels
59%
Baghdad
46%
Bogota
41%
Belgrade
35%
Bologna
31%
Buenos Aires
20%
Brisbane
19%
Brasilia
15%
Busan
14%

Score Distribution

Percentile by Number Answered

Percent of People with Each Score

Your Score History

You have not taken this quiz